| 000 | 00900nam a22002897a 4500 | ||
|---|---|---|---|
| 001 | 7921 | ||
| 003 | FISKH | ||
| 005 | 20250820123654.0 | ||
| 008 | 250814b cb ||||| |||| 00| 0 eng d | ||
| 020 | _a9781465403728 | ||
| 040 |
_aFISKH _beng _cFISKH _dFISKH |
||
| 050 | _aPZ7 | ||
| 082 | _a300 | ||
| 100 |
_aWinston, Robert _d(1940–) |
||
| 245 |
_aLife as we know it / _cRobert Winson |
||
| 250 | _aThis edition first published in 2012 | ||
| 260 |
_aNew York : _bDK, _c2012 |
||
| 300 |
_a96 pages : _bcolor illustrations ; _c28 cm |
||
| 505 | _aR | ||
| 520 | _aThis book explores some of these reamrkable questions and celebrates what we know about life and the living creatures and organisms that surround us. | ||
| 521 | 8 |
_a770
_bLexile |
|
| 521 | 8 |
_aR
_bRaz-Plus |
|
| 650 |
_2Science _aCreatures |
||
| 650 |
_2Living surround _aAnimal |
||
| 942 |
_2ddc _cBK _n0 |
||
| 999 |
_c7921 _d7921 |
||